| 000 | 00838nam a2200265Ia 4500 | ||
|---|---|---|---|
| 003 | OSt | ||
| 005 | 20260129085321.0 | ||
| 008 | 210716s2009 xx 000 0 und d | ||
| 020 | _a9788131716564 | ||
| 040 | _cAIMIT LIBRARY | ||
| 041 | _aeng | ||
| 082 |
_a658.1511 _bATKA |
||
| 100 |
_aAtkinson, Anthony A. _9253023 |
||
| 245 |
_aManagement accounting / _cBy Anthony A. Atkinson ...[et.al.]. |
||
| 250 | _a5th ed. | ||
| 260 |
_aNew Delhi : _bPearson Education , _c2009. |
||
| 300 |
_axxvii,676 p.; _bPB _c26.5 cm. |
||
| 650 |
_aCost management concepts and cost behavior _9253024 |
||
| 650 |
_aActivity based cost systems _9253029 |
||
| 700 |
_aKaplan, Robert S. _9253025 |
||
| 700 |
_aMatsumura, Ella Mae. _9253026 |
||
| 700 |
_aYoung, S. Mark. _9253027 |
||
| 700 |
_aKumar, G Arun. _9253028 |
||
| 942 |
_2ddc _cBK _k658.1511 ATKA |
||
| 999 |
_c182705 _d182705 |
||